000
00199nam a2200097Ia 4500
008
240625s9999 xx 000 0 und d
041
_a
eng
100
_a
PC QUEST
245
_a
PC QUEST
260
_c
2004
999
_c
32982
_d
32982